Legislación penitenciaria y correccional comentada / (Record no. 115248)

MARC details
000 -LEADER
fixed length control field 00581nam a22001817a 4500
005 - DATE AND TIME OF LATEST TRANSACTION
control field 20160413115830.0
008 - FIXED-LENGTH DATA ELEMENTS--GENERAL INFORMATION
fixed length control field 160413b mx||||| |||| 00| 0 spa d
020 ## - INTERNATIONAL STANDARD BOOK NUMBER
International Standard Book Number 9684010168
050 04 - LIBRARY OF CONGRESS CALL NUMBER
Classification number KGF7594.2.A31 1971
Item number G37 1978
100 1# - MAIN ENTRY--PERSONAL NAME
Personal name García Ramírez, Sergio
240 00 - UNIFORM TITLE
Uniform title Leyes y códigos
245 10 - TITLE STATEMENT
Title Legislación penitenciaria y correccional comentada /
Statement of responsibility, etc Sergio García Ramírez.
250 ## - EDITION STATEMENT
Edition statement 1a ed.
260 ## - PUBLICATION, DISTRIBUTION, ETC. (IMPRINT)
Place of publication, distribution, etc México :
Name of publisher, distributor, etc Cardenas, Editor y Distribuidor,
Date of publication, distribution, etc 1978
300 ## - PHYSICAL DESCRIPTION
Extent 358 p. ;
Dimensions 23 cm.
650 #7 - SUBJECT ADDED ENTRY--TOPICAL TERM
Source of heading or term Lemb
Topical term or geographic name as entry element Prisión
General subdivision Legislación
Geographic subdivision México
942 ## - ADDED ENTRY ELEMENTS (KOHA)
Source of classification or shelving scheme Biblioteca del Cogreso de los Estados Unidos
Koha item type Libro
Holdings
Estado de pérdida Fuente de clasificación Estado del daño No para préstamo Ubicación permanente Ubicación actual Apartado o colección Fecha de adquisición Edición Enumeración de Serie / Cronológica Dependencia de educación superior (DES) Área del conocimiento Clasificación Código de Barras Date last seen Número de copia Tipo de recurso
  Biblioteca del Cogreso de los Estados Unidos     Biblioteca de la Facultad de Derecho y Ciencias Sociales "Felipe J. Tena" Biblioteca de la Facultad de Derecho y Ciencias Sociales "Felipe J. Tena" Consulta 13/04/2016 1a ed. BFD000007544 Derecho Ciencias Sociales y Administrativas KGF7594.2.A31 1971 G37 1978 BFD000007544 13/04/2016 1 Libro